<?xml version="1.0" encoding="UTF-8"?>
<record
    xmlns:xsi="http://www.w3.org/2001/XMLSchema-instance"
    xsi:schemaLocation="http://www.loc.gov/MARC21/slim http://www.loc.gov/standards/marcxml/schema/MARC21slim.xsd"
    xmlns="http://www.loc.gov/MARC21/slim">

  <leader>01063nam a22002297a 4500</leader>
  <controlfield tag="005">20231208094852.0</controlfield>
  <controlfield tag="008">231129b           ||||| |||| 00| 0 eng d</controlfield>
  <datafield tag="020" ind1=" " ind2=" ">
    <subfield code="a">9789395283359</subfield>
  </datafield>
  <datafield tag="040" ind1=" " ind2=" ">
    <subfield code="c">AL</subfield>
  </datafield>
  <datafield tag="041" ind1=" " ind2=" ">
    <subfield code="a">Kannada</subfield>
  </datafield>
  <datafield tag="082" ind1=" " ind2=" ">
    <subfield code="2">23</subfield>
    <subfield code="a">K894.092</subfield>
    <subfield code="b">MALK</subfield>
  </datafield>
  <datafield tag="100" ind1=" " ind2=" ">
    <subfield code="a">Malavanda gowramma achchayya</subfield>
    <subfield code="9">144618</subfield>
  </datafield>
  <datafield tag="245" ind1=" " ind2=" ">
    <subfield code="a">Kodagininda Giritanaka &#xC95;&#xCCA;&#xCA1;&#xC97;&#xCBF;&#xCA8;&#xCBF;&#xC82;&#xCA6; &#xC97;&#xCBF;&#xCB0;&#xCBF;&#xCA4;&#xCA8;&#xC95;</subfield>
  </datafield>
  <datafield tag="260" ind1=" " ind2=" ">
    <subfield code="a">Mangalagangothri &#xCAE;&#xC82;&#xC97;&#xCB3;&#xC97;&#xC82;&#xC97;&#xCCB;&#xCA4;&#xCCD;&#xCB0;&#xCBF;</subfield>
    <subfield code="b">Prasaranga Mangalore University &#xCAA;&#xCCD;&#xCB0;&#xCB8;&#xCBE;&#xCB0;&#xCBE;&#xC82;&#xC97; &#xCAE;&#xC82;&#xC97;&#xCB3;&#xCC2;&#xCB0;&#xCC1; &#xCB5;&#xCBF;&#xCB6;&#xCCD;&#xCB5;&#xCB5;&#xCBF;&#xCA6;&#xCCD;&#xCAF;&#xCBE;&#xCA8;&#xCBF;&#xCB2;&#xCAF;</subfield>
    <subfield code="c">2023</subfield>
  </datafield>
  <datafield tag="300" ind1=" " ind2=" ">
    <subfield code="a">138 p.</subfield>
    <subfield code="b">PB</subfield>
    <subfield code="c">21x14 cm.</subfield>
  </datafield>
  <datafield tag="365" ind1=" " ind2=" ">
    <subfield code="a">063-065</subfield>
    <subfield code="b">&#x20B9;62.00</subfield>
    <subfield code="c">&#x20B9;</subfield>
    <subfield code="d">&#x20B9;125.00</subfield>
    <subfield code="e">50%</subfield>
    <subfield code="f">23-11-2023</subfield>
  </datafield>
  <datafield tag="650" ind1=" " ind2=" ">
    <subfield code="a">&#xC95;&#xCCA;&#xCA1;&#xC97;&#xCCD;&#xCE6;&#xC9C; &#xC97;&#xCBF;&#xCB0;&#xCBF;&#xC95;&#xCC6;&#xCA4;&#xCCD;&#xCA4;&#xCA3;&#xCC6; </subfield>
    <subfield code="9">144617</subfield>
  </datafield>
  <datafield tag="650" ind1=" " ind2=" ">
    <subfield code="a">Biography of Malavanda gowramma achchayya</subfield>
    <subfield code="9">144619</subfield>
  </datafield>
  <datafield tag="700" ind1=" " ind2=" ">
    <subfield code="a">MALAVANDA GOWRAMMA ACHCHAYYA &#xCAE;&#xCB3;&#xCB5;&#xC82;&#xCA1; &#xC97;&#xCCC;&#xCB0;&#xCAE;&#xCCD;&#xCAE; &#xC85;&#xC9A;&#xCCD;&#xC9A;&#xCAF;&#xCCD;&#xCAF; </subfield>
    <subfield code="9">143774</subfield>
  </datafield>
  <datafield tag="700" ind1=" " ind2=" ">
    <subfield code="a">NAGESH KAALOORU tr &#xCA8;&#xCBE;&#xC97;&#xCC7;&#xCB6;&#xCCD; &#xC95;&#xCBE;&#xCB2;&#xCC2;&#xCB0;&#xCC1; </subfield>
    <subfield code="9">144575</subfield>
  </datafield>
  <datafield tag="942" ind1=" " ind2=" ">
    <subfield code="2">ddc</subfield>
    <subfield code="c">BK</subfield>
  </datafield>
  <datafield tag="999" ind1=" " ind2=" ">
    <subfield code="c">229343</subfield>
    <subfield code="d">229343</subfield>
  </datafield>
  <datafield tag="952" ind1=" " ind2=" ">
    <subfield code="0">0</subfield>
    <subfield code="1">0</subfield>
    <subfield code="2">ddc</subfield>
    <subfield code="4">0</subfield>
    <subfield code="7">0</subfield>
    <subfield code="8">KAN</subfield>
    <subfield code="a">AL</subfield>
    <subfield code="b">AL</subfield>
    <subfield code="d">2023-11-24</subfield>
    <subfield code="e">Prasaranga Mangalore University</subfield>
    <subfield code="g">62.50</subfield>
    <subfield code="l">0</subfield>
    <subfield code="o">K894.092 MALK</subfield>
    <subfield code="p">076926</subfield>
    <subfield code="r">2023-11-29 00:00:00</subfield>
    <subfield code="v">125.00</subfield>
    <subfield code="w">2023-11-29</subfield>
    <subfield code="y">BK</subfield>
  </datafield>
</record>
